000 00478nam a22001697a 4500
005 20140310183651.0
008 140123b xxu||||| |||| 00| 0 eng d
020 _a4766112768
050 _aNC 1764.5.J3
_b.Oz99 2004
100 _aOzawa, Tadashi
245 _aHow to draw anime and game characters /
_cTadashi Ozawa
260 _aTokyo :
_bGraphic-sha Publishing Co.,
_c2004.
300 _a155 p. :
_bill. ;
_c24 cm.
521 _aMA
942 _2lcc
_cBK
_kFOR
999 _c26080
_d26080